000 00318nam a22001337a 4500
008 171030b xxu||||| |||| 00| 0 eng d
020 _a9780073223605
041 _aeng
080 _a336
100 _a57
101 _aFIN
245 _aCORPORATE FINANCE CORE PRINCIPLES AND APPLICATIONS
_cROSS,S.A
942 _2udc
_cBK
999 _c36405
_d36405